| 000 | 00617nam a22001697a 4500 | ||
|---|---|---|---|
| 999 |
_c61457 _d61457 |
||
| 005 | 20240315130009.0 | ||
| 008 | 240315s1964 ru ||||| |||| 00| 0 rus d | ||
| 041 | _arus | ||
| 080 | _a796 K-60 | ||
| 100 |
_aКолесникова, Л. Г. _921438 |
||
| 245 |
_aСпорт в античном Херсонесе / _cЛ. Г. Колесникова. |
||
| 264 |
_aЛенинград ; Москва : _bСоветский художник, _c1964. |
||
| 300 |
_a25 c. : _bил. ; _c17 см. |
||
| 653 | _aსპორტი | ||
| 653 | _aუძველესი ისტორია | ||
| 942 |
_2udc _cᲬᲘᲒᲜᲘ |
||